|
|
|
|
| LEADER |
00000nas a2200000 a 4500 |
| 001 |
ssj0000866839 |
| 003 |
WaSeSS |
| 005 |
20200512172242.0 |
| 006 |
m d |
| 007 |
cr n |
| 008 |
130412c19uu9999paum| p|s|||||| |0eng d |
| 035 |
|
|
|a (WaSeSS)ssj0000866839
|
| 040 |
|
|
|a WaSeSS
|c WaSeSS
|d WaSeSS
|
| 043 |
|
|
|a u-at---
|
| 050 |
|
4 |
|a GC1005.3.A8
|
| 245 |
0 |
0 |
|a Australian maritime digest
|h [electronic resource].
|
| 260 |
|
|
|a Red Hill, Pa. :
|b Australian Association for Maritime Affairs
|
| 310 |
|
|
|a Monthly
|
| 506 |
|
|
|a License restrictions may limit access.
|
| 588 |
|
|
|a Description based on: No. 125 (1 June 2004); title from article PDF (ProQuest, viewed April 12, 2013).
|
| 588 |
|
|
|a Latest issue consulted: No. 220 (1 March 2013) (viewed April 13, 2013).
|
| 650 |
|
0 |
|a Marine resources
|x Research
|z Australia
|v Periodicals.
|
| 650 |
|
0 |
|a Marine resources conservation
|x Law and legislation
|z Australia
|v Periodicals.
|
| 650 |
|
0 |
|a Shipping
|x Government policy
|z Australia
|v Periodicals.
|
| 655 |
|
0 |
|a Electronic journals.
|
| 710 |
2 |
|
|a Australian Association for Maritime Affairs.
|
| 776 |
0 |
8 |
|i Print version:
|t Australian maritime digest
|x 2201-6996
|
| 856 |
4 |
0 |
|z Full text available from Research Library: 06/01/2004 to 06/30/2014
|u https://search.proquest.com/publication/54884
|